[Event "Montreal Mercredi 04"]
[Site "Montreal CAN"]
[Date "2017.01.18"]
[Round "3"]
[White "Lebeau, Gilbert"]
[Black "Cloutier, Mathieu"]
[Result "0-1"]
[WhiteElo "2082"]
[BlackElo "2036"]
[WhiteFideId "-1"]
[WhiteFideId "-1"]
[PlyCount "74"]
[GameId "2160767908475109"]
[EventDate "2017.01.04"]
[EventType "swiss"]
[EventRounds "5"]
[EventCountry "CAN"]
[SourceTitle "EXT 2022"]
[Source "ChessBase"]
[SourceDate "2021.10.06"]
[SourceVersion "1"]
[SourceVersionDate "2021.10.06"]
[SourceQuality "1"]

1. d4 Nf6 2. c4 c5 3. d5 e6 4. Nc3 exd5 5. cxd5 d6 6. Nf3 g6 7. g3 Bg7 8. Bg2 O-O 9. O-O a6 10. a4 Re8 11. Bf4 Ne4 12. Nxe4 Rxe4 13. Qd2 Qe7 14. Rfe1 Rb4 15. Rab1 Rxa4 16. e4 f6 17. Qc2 Rb4 18. Bd2 Rb6 19. Bc3 a5 20. Nd2 Na6 21. Nc4 Nb4 22. Qd2 Rba6 23. f4 b5 24. e5 fxe5 25. Nxd6 Qxd6 26. fxe5 Qb6 27. Kh1 Bf5 28. Be4 Bxe4+ 29. Rxe4 Qb7 30. Bxb4 axb4 31. Ree1 Re8 32. Re2 Rae6 33. h4 Rxe5 34. Rxe5 Rxe5 35. Rd1 Qf7 36. Kg2 Rf5 37. g4 Rf4 0-1

[Event "Montreal Mercredi 04"]
[Site "Montreal CAN"]
[Date "2017.01.18"]
[Round "3"]
[White "Morin, Louis"]
[Black "Beaulieu, Pierre"]
[Result "1-0"]
[WhiteElo "1905"]
[BlackElo "1896"]
[WhiteFideId "-1"]
[WhiteFideId "-1"]
[PlyCount "121"]
[GameId "2160767908475110"]
[EventDate "2017.01.04"]
[EventType "swiss"]
[EventRounds "5"]
[EventCountry "CAN"]
[SourceTitle "EXT 2022"]
[Source "ChessBase"]
[SourceDate "2021.10.06"]
[SourceVersion "1"]
[SourceVersionDate "2021.10.06"]
[SourceQuality "1"]

1. e4 g6 2. Nf3 Bg7 3. d4 d6 4. Be2 Nd7 5. O-O e6 6. c3 Ne7 7. Na3 O-O 8. Nc2 c5 9. Bf4 Qb6 10. Qd2 Nf6 11. Bd3 c4 12. e5 dxe5 13. dxe5 cxd3 14. exf6 Bxf6 15. Nb4 Nd5 16. Nxd3 Nxf4 17. Qxf4 Bg7 18. Nfe5 Qc7 19. Nxg6 Qxf4 20. Ngxf4 b6 21. Rfe1 Bb7 22. Re3 Rfd8 23. Rg3 Kf8 24. Re1 Rd6 25. h3 Rad8 26. Ne5 Rd1 27. Ned3 e5 28. Rxd1 exf4 29. Rxg7 Kxg7 30. f3 Ba6 31. Nf2 Rxd1+ 32. Nxd1 Kf6 33. Kf2 Ke5 34. g3 Bc4 35. b3 Bd3 36. Nb2 fxg3+ 37. Kxg3 Bb1 38. Nc4+ Kf6 39. a3 Bc2 40. Nd2 Kf5 41. b4 Bd3 42. f4 h6 43. Kf3 Ba6 44. Ke3 Bb7 45. Nf3 Ba8 46. c4 h5 47. Nd4+ Kf6 48. h4 Bb7 49. c5 bxc5 50. bxc5 Ke7 51. c6 Ba6 52. Nf5+ Ke6 53. Ng7+ Kd6 54. Nxh5 Kxc6 55. Ng3 Bc4 56. Kd4 Be6 57. f5 Ba2 58. Ke5 Kd7 59. Kf6 Ke8 60. Kg7 Ke7 61. h5 1-0

[Event "Montreal Mercredi 04"]
[Site "Montreal CAN"]
[Date "2017.01.18"]
[Round "3"]
[White "Singher, Jean-Pierre"]
[Black "Have, Didier"]
[Result "1-0"]
[WhiteElo "2025"]
[BlackElo "1964"]
[WhiteFideId "-1"]
[WhiteFideId "-1"]
[PlyCount "106"]
[GameId "2160767908475111"]
[EventDate "2017.01.04"]
[EventType "swiss"]
[EventRounds "5"]
[EventCountry "CAN"]
[SourceTitle "EXT 2022"]
[Source "ChessBase"]
[SourceDate "2021.10.06"]
[SourceVersion "1"]
[SourceVersionDate "2021.10.06"]
[SourceQuality "1"]

1. d4 Nf6 2. Nf3 g6 3. g3 Bg7 4. Bg2 O-O 5. O-O d6 6. Re1 Nc6 7. e4 e5 8. c3 Bg4 9. h3 Bd7 10. Nbd2 Qc8 11. Kh2 Re8 12. a4 a5 13. dxe5 Nxe5 14. Nxe5 Rxe5 15. f4 Rh5 16. f5 gxf5 17. exf5 Bxf5 18. Ne4 Bxe4 19. Rxe4 Nxe4 20. Qxh5 Nc5 21. Bd5 Qe8 22. Bd2 c6 23. Re1 Qd7 24. Ba2 d5 25. Bb1 Ne4 26. Bh6 Bxh6 27. Bxe4 dxe4 28. Qxh6 Qf5 29. Qe3 Rd8 30. Rf1 Qe5 31. Rf4 f5 32. Rf2 Qf6 33. g4 Qe5+ 34. Qg3 Qxg3+ 35. Kxg3 fxg4 36. Kxg4 e3 37. Re2 Rd7 38. Kf3 Kf7 39. b3 Rd2 40. Kxe3 Rxe2+ 41. Kxe2 Kg6 42. Ke3 Kg5 43. Kf3 Kh4 44. Kg2 h5 45. Kh2 b5 46. Kg2 Kg5 47. Kg3 bxa4 48. bxa4 h4+ 49. Kf3 Kf5 50. Ke3 Ke5 51. Kf3 Kf5 52. Ke3 Ke5 53. Kf3 Kf5 1-0

[Event "Montreal Mercredi 04"]
[Site "Montreal CAN"]
[Date "2017.01.18"]
[Round "3"]
[White "Zheng, Richard"]
[Black "Autotte, Daniel"]
[Result "1-0"]
[WhiteElo "1766"]
[BlackElo "1785"]
[WhiteFideId "-1"]
[WhiteFideId "-1"]
[PlyCount "65"]
[GameId "2160767908475112"]
[EventDate "2017.01.04"]
[EventType "swiss"]
[EventRounds "5"]
[EventCountry "CAN"]
[SourceTitle "EXT 2022"]
[Source "ChessBase"]
[SourceDate "2021.10.06"]
[SourceVersion "1"]
[SourceVersionDate "2021.10.06"]
[SourceQuality "1"]

1. e4 c6 2. d4 d5 3. exd5 cxd5 4. c4 Nf6 5. Nc3 Nc6 6. Be3 Be6 7. c5 g6 8. Nf3 Bg7 9. Bb5 O-O 10. Bxc6 bxc6 11. Ne5 Qc7 12. O-O Nd7 13. f4 f6 14. Nf3 Bg4 15. h3 Bxf3 16. Qxf3 e5 17. b4 exd4 18. Bxd4 f5 19. Rfd1 Bxd4+ 20. Rxd4 Nf6 21. g3 a5 22. Rb1 axb4 23. Rdxb4 Qe7 24. Qf2 Ra5 25. Na4 Rfa8 26. Rb8+ Rxb8 27. Rxb8+ Kf7 28. Rb4 Nd7 29. Kg2 Nxc5 30. Nxc5 Qxc5 31. Rb7+ Kg8 32. Qe2 Ra8 33. Qe6+ 1-0

[Event "Montreal Mercredi 04"]
[Site "Montreal CAN"]
[Date "2017.01.18"]
[Round "3"]
[White "Zumsteg, Nicolas"]
[Black "Nardone, Raul"]
[Result "1-0"]
[WhiteElo "1870"]
[BlackElo "1842"]
[WhiteFideId "-1"]
[WhiteFideId "-1"]
[PlyCount "39"]
[GameId "2160767908475113"]
[EventDate "2017.01.04"]
[EventType "swiss"]
[EventRounds "5"]
[EventCountry "CAN"]
[SourceTitle "EXT 2022"]
[Source "ChessBase"]
[SourceDate "2021.10.06"]
[SourceVersion "1"]
[SourceVersionDate "2021.10.06"]
[SourceQuality "1"]

1. e4 c5 2. Ne2 e6 3. Nbc3 d6 4. g3 Nc6 5. Bg2 Rb8 6. O-O b5 7. b3 b4 8. Na4 Be7 9. d4 Ba6 10. d5 Nd4 11. Nxd4 cxd4 12. dxe6 Bxf1 13. exf7+ Kxf7 14. Qh5+ Kf8 15. Bxf1 Nf6 16. Qf3 Qd7 17. Bb2 Qg4 18. Qd3 Qxe4 19. Bxd4 Rc8 20. Bxf6 1-0

[Event "Montreal Mercredi 04"]
[Site "Montreal CAN"]
[Date "2017.01.25"]
[Round "4"]
[White "Autotte, Daniel"]
[Black "Gauthier, Luc"]
[Result "1-0"]
[WhiteElo "1785"]
[BlackElo "1754"]
[WhiteFideId "-1"]
[WhiteFideId "-1"]
[PlyCount "83"]
[GameId "2160767908475115"]
[EventDate "2017.01.04"]
[EventType "swiss"]
[EventRounds "5"]
[EventCountry "CAN"]
[SourceTitle "EXT 2022"]
[Source "ChessBase"]
[SourceDate "2021.10.06"]
[SourceVersion "1"]
[SourceVersionDate "2021.10.06"]
[SourceQuality "1"]

1. d4 d5 2. Bf4 e6 3. e3 c5 4. c3 Nc6 5. Nd2 Bd6 6. Bxd6 Qxd6 7. f4 Nf6 8. Bd3 b6 9. Ngf3 Bb7 10. O-O O-O 11. Ne5 Ne7 12. a4 Ne4 13. Qc2 f5 14. Qd1 Nf6 15. Ndf3 Bc6 16. Nxc6 Nxc6 17. Ne5 Rac8 18. Bb5 Nb8 19. Bd3 Nbd7 20. Qe2 c4 21. Bc2 Qe7 22. Nf3 Ne4 23. Bxe4 fxe4 24. Nd2 Qh4 25. Rfc1 Rf6 26. b3 Rh6 27. g3 Qh3 28. bxc4 Nf6 29. a5 Ng4 30. Nf1 Rxc4 31. axb6 axb6 32. Rab1 Rc6 33. Rb4 Rg6 34. c4 Nh6 35. c5 bxc5 36. Rxc5 Rxc5 37. dxc5 Nf5 38. c6 e5 39. c7 Nd6 40. Rb8+ Nc8 41. Qa2 Qd7 42. Qa8 1-0

[Event "Montreal Mercredi 04"]
[Site "Montreal CAN"]
[Date "2017.01.25"]
[Round "4"]
[White "Baran, Marius"]
[Black "Zheng, Richard"]
[Result "0-1"]
[WhiteElo "1779"]
[BlackElo "1766"]
[WhiteFideId "-1"]
[WhiteFideId "-1"]
[PlyCount "72"]
[GameId "2160767908475116"]
[EventDate "2017.01.04"]
[EventType "swiss"]
[EventRounds "5"]
[EventCountry "CAN"]
[SourceTitle "EXT 2022"]
[Source "ChessBase"]
[SourceDate "2021.10.06"]
[SourceVersion "1"]
[SourceVersionDate "2021.10.06"]
[SourceQuality "1"]

1. e4 e5 2. d4 exd4 3. c3 dxc3 4. Bc4 c2 5. Qxc2 Nc6 6. Nf3 Bb4+ 7. Nc3 Nge7 8. O-O O-O 9. Bg5 h6 10. Bh4 Bxc3 11. Qxc3 d6 12. Nd4 Ne5 13. Bb3 N5g6 14. Bg3 Bd7 15. f4 Nc6 16. f5 Nge5 17. Nxc6 Bxc6 18. Bxe5 dxe5 19. f6 Qd4+ 20. Qxd4 exd4 21. fxg7 Kxg7 22. Rad1 Rad8 23. e5 Bb5 24. Rf4 c5 25. Rg4+ Kh7 26. Rd2 c4 27. Bd1 c3 28. Rdxd4 cxb2 29. Bc2+ Kh8 30. Rb4 Rd2 31. Rxb5 Rxc2 32. Rgb4 Rd8 33. h3 Rdd2 34. Rxb7 Rxg2+ 35. Kh1 Rgd2 36. Rb8+ Kg7 0-1

[Event "Montreal Mercredi 04"]
[Site "Montreal CAN"]
[Date "2017.01.25"]
[Round "4"]
[White "Boudreau, Daniel"]
[Black "Huang, Qiuyu"]
[Result "0-1"]
[WhiteElo "2177"]
[BlackElo "2165"]
[WhiteFideId "-1"]
[WhiteFideId "-1"]
[PlyCount "58"]
[GameId "2160767908475117"]
[EventDate "2017.01.04"]
[EventType "swiss"]
[EventRounds "5"]
[EventCountry "CAN"]
[SourceTitle "EXT 2022"]
[Source "ChessBase"]
[SourceDate "2021.10.06"]
[SourceVersion "1"]
[SourceVersionDate "2021.10.06"]
[SourceQuality "1"]

1. e4 c5 2. Nf3 Nc6 3. Bb5 g6 4. Bxc6 bxc6 5. O-O Bg7 6. Re1 e5 7. c3 d6 8. d4 cxd4 9. cxd4 Bg4 10. dxe5 dxe5 11. Nbd2 Ne7 12. Nc4 Qxd1 13. Rxd1 O-O 14. b3 f5 15. h3 fxe4 16. hxg4 exf3 17. Ba3 Rf7 18. Ne3 fxg2 19. Rac1 Bf6 20. Bxe7 Bxe7 21. Rxc6 Bh4 22. Rd2 Raf8 23. Rcc2 Bg5 24. Re2 Rxf2 25. Nc4 R2f4 26. Rxe5 Bf6 27. Rxg2 Bxe5 28. Nxe5 Rf1+ 29. Kh2 R8f2 0-1

[Event "Montreal Mercredi 04"]
[Site "Montreal CAN"]
[Date "2017.01.25"]
[Round "4"]
[White "Cardin, Guillaume"]
[Black "Morin, Louis"]
[Result "1-0"]
[WhiteElo "2034"]
[BlackElo "1905"]
[WhiteFideId "-1"]
[WhiteFideId "-1"]
[PlyCount "109"]
[GameId "2160767908475118"]
[EventDate "2017.01.04"]
[EventType "swiss"]
[EventRounds "5"]
[EventCountry "CAN"]
[SourceTitle "EXT 2022"]
[Source "ChessBase"]
[SourceDate "2021.10.06"]
[SourceVersion "1"]
[SourceVersionDate "2021.10.06"]
[SourceQuality "1"]

1. d4 e5 2. dxe5 Nc6 3. Nf3 h6 4. Bf4 g5 5. Bg3 Bg7 6. Nc3 Nge7 7. e4 Ng6 8. Bc4 O-O 9. h4 Ngxe5 10. Nxe5 Nxe5 11. Bb3 d6 12. Qe2 Be6 13. O-O-O Bxb3 14. axb3 f5 15. f4 gxf4 16. Bxf4 fxe4 17. Qxe4 Qe7 18. g4 Nc6 19. Qc4+ Qf7 20. Nd5 Rac8 21. h5 Kh8 22. Rdf1 Ne7 23. Bxd6 Qxd5 24. Bxe7 Qxc4 25. bxc4 Rxf1+ 26. Rxf1 Re8 27. Bf6 Bxf6 28. Rxf6 Kg7 29. Rg6+ Kh7 30. Kd2 Rd8+ 31. Kc3 c5 32. Re6 Rd7 33. Kb3 Rg7 34. Re4 b6 35. Ka4 Rf7 36. Kb5 Rf2 37. Re7+ Kg8 38. Rxa7 Rxc2 39. Kxb6 Rxc4 40. Rc7 Rb4+ 41. Kxc5 Rxg4 42. Rd7 Rg5+ 43. Rd5 Rg2 44. b4 Kf7 45. Kc6 Rc2+ 46. Kd7 Kf6 47. b5 Rb2 48. Kc6 Rc2+ 49. Rc5 Re2 50. b6 Re6+ 51. Kc7 Re7+ 52. Kb8 Re8+ 53. Ka7 Re1 54. b7 Re7 55. Ka8 1-0

[Event "Montreal Mercredi 04"]
[Site "Montreal CAN"]
[Date "2017.01.25"]
[Round "4"]
[White "Dumouchel, Alain"]
[Black "Jean, Robert"]
[Result "0-1"]
[WhiteElo "1803"]
[BlackElo "1802"]
[WhiteFideId "-1"]
[WhiteFideId "-1"]
[PlyCount "74"]
[GameId "2160767908475119"]
[EventDate "2017.01.04"]
[EventType "swiss"]
[EventRounds "5"]
[EventCountry "CAN"]
[SourceTitle "EXT 2022"]
[Source "ChessBase"]
[SourceDate "2021.10.06"]
[SourceVersion "1"]
[SourceVersionDate "2021.10.06"]
[SourceQuality "1"]

1. e4 c5 2. Nf3 Nc6 3. Bb5 d6 4. O-O e5 5. Re1 Be7 6. h3 Nf6 7. Nc3 O-O 8. Bxc6 bxc6 9. d3 h6 10. Be3 Re8 11. Qd2 Bf8 12. Na4 Nh7 13. c4 f5 14. exf5 Bxf5 15. Rad1 Qf6 16. Nh2 a5 17. Nc3 Qg6 18. Kh1 Nf6 19. f3 d5 20. Bf2 a4 21. Ng4 Bxg4 22. fxg4 a3 23. b3 Bd6 24. Ne2 e4 25. cxd5 cxd5 26. dxe4 d4 27. Ng3 Bxg3 28. Bxg3 Nxe4 29. Rxe4 Rxe4 30. Kh2 Qe6 31. Qc1 Qd5 32. Rd2 Rae8 33. Rf2 Re2 34. Qxa3 d3 35. Qc1 Rxf2 36. Bxf2 Re2 37. Kg1 Rxa2 0-1

[Event "Montreal Mercredi 04"]
[Site "Montreal CAN"]
[Date "2017.01.25"]
[Round "4"]
[White "Khudaverdian, Berj"]
[Black "Lessard, Sylvain"]
[Result "1/2-1/2"]
[WhiteElo "1675"]
[BlackElo "1709"]
[WhiteFideId "-1"]
[WhiteFideId "-1"]
[PlyCount "138"]
[GameId "2160767908475120"]
[EventDate "2017.01.04"]
[EventType "swiss"]
[EventRounds "5"]
[EventCountry "CAN"]
[SourceTitle "EXT 2022"]
[Source "ChessBase"]
[SourceDate "2021.10.06"]
[SourceVersion "1"]
[SourceVersionDate "2021.10.06"]
[SourceQuality "1"]

1. Nf3 Nf6 2. c4 c5 3. g3 Nc6 4. Bg2 g6 5. b3 Bg7 6. Bb2 O-O 7. O-O d6 8. Nc3 Rb8 9. e3 Bg4 10. h3 Bf5 11. d3 Qc8 12. Kh2 a6 13. e4 Bd7 14. Qd2 b5 15. Nd5 Re8 16. Nxf6+ exf6 17. Rae1 Ne5 18. Ng1 Nc6 19. Ne2 Be6 20. Nf4 Qd7 21. Nd5 Bxd5 22. exd5 Nd4 23. Bxd4 cxd4 24. Rxe8+ Rxe8 25. b4 Qc7 26. Rc1 Rc8 27. c5 Bf8 28. c6 h5 29. h4 Kh7 30. Rc2 Re8 31. Qd1 Bh6 32. Re2 Re5 33. Rxe5 fxe5 34. a4 Bf8 35. axb5 axb5 36. Qa1 Be7 37. Qa6 Bd8 38. Qxb5 Qb6 39. Qc4 Bc7 40. f4 exf4 41. gxf4 Qb8 42. Qxd4 Qd8 43. Kg3 Bb6 44. Qe4 Qf6 45. Bh3 Bd8 46. f5 g5 47. hxg5 Qxg5+ 48. Kf3 Kh6 49. Qe8 Qf6 50. Qd7 Bb6 51. c7 Qe5 52. Qxd6+ Qxd6 53. c8=Q Qxd5+ 54. Ke2 Qe5+ 55. Kd1 Qa1+ 56. Qc1+ Qxc1+ 57. Kxc1 Kg5 58. Kd2 Kf4 59. Kc3 Kg3 60. Bf1 h4 61. d4 h3 62. Bc4 h2 63. Bd5 Kf4 64. Bh1 Kxf5 65. Kc4 Ke6 66. d5+ Kd7 67. Kb5 Bd4 68. Ka6 Kc7 69. b5 Bc5 1/2-1/2

[Event "Montreal Mercredi 04"]
[Site "Montreal CAN"]
[Date "2017.01.25"]
[Round "4"]
[White "Lopez Linares, Lizandro"]
[Black "Lebeau, Gilbert"]
[Result "1-0"]
[WhiteElo "2202"]
[BlackElo "2082"]
[WhiteFideId "-1"]
[WhiteFideId "-1"]
[PlyCount "95"]
[GameId "2160767908475121"]
[EventDate "2017.01.04"]
[EventType "swiss"]
[EventRounds "5"]
[EventCountry "CAN"]
[SourceTitle "EXT 2022"]
[Source "ChessBase"]
[SourceDate "2021.10.06"]
[SourceVersion "1"]
[SourceVersionDate "2021.10.06"]
[SourceQuality "1"]

1. d4 Nf6 2. Nf3 e6 3. c4 b6 4. a3 Bb7 5. Nc3 Be7 6. d5 O-O 7. e4 exd5 8. cxd5 Re8 9. Bd3 c6 10. O-O cxd5 11. exd5 d6 12. h3 Na6 13. Bb5 Nd7 14. Nd4 Nc7 15. Bc6 Qc8 16. Bf4 Bxc6 17. Nxc6 Bf8 18. Rc1 Qb7 19. b4 b5 20. Na5 Qb8 21. Qd3 a6 22. Rc2 Ne5 23. Bxe5 dxe5 24. d6 Ne6 25. d7 Rd8 26. Nc6 Qb7 27. Nxd8 Rxd8 28. Qe4 Qxd7 29. Rd1 Nd4 30. Qxe5 Nxc2 31. Rxd7 Rxd7 32. Qf5 Rd2 33. Qc8 Nxa3 34. Qxa6 Bxb4 35. Qa8+ Bf8 36. Nd5 Rd1+ 37. Kh2 Re1 38. Qa5 Re5 39. Qa8 Re6 40. f4 g6 41. g4 Kg7 42. Qa7 Nc2 43. Qc7 Re2+ 44. Kg1 b4 45. f5 g5 46. Qc6 Nd4 47. Qf6+ Kg8 48. Qxd4 1-0

[Event "Montreal Mercredi 04"]
[Site "Montreal CAN"]
[Date "2017.01.25"]
[Round "4"]
[White "Nardone, Raul"]
[Black "Brassard, Sylvain"]
[Result "1-0"]
[WhiteElo "1842"]
[BlackElo "1881"]
[WhiteFideId "-1"]
[WhiteFideId "-1"]
[PlyCount "105"]
[GameId "2160767908475122"]
[EventDate "2017.01.04"]
[EventType "swiss"]
[EventRounds "5"]
[EventCountry "CAN"]
[SourceTitle "EXT 2022"]
[Source "ChessBase"]
[SourceDate "2021.10.06"]
[SourceVersion "1"]
[SourceVersionDate "2021.10.06"]
[SourceQuality "1"]

1. e4 e6 2. d4 d5 3. Nd2 Nf6 4. e5 Nfd7 5. f4 c5 6. c3 Nc6 7. Ngf3 cxd4 8. cxd4 Be7 9. Be2 O-O 10. O-O f6 11. Nb3 Qb6 12. Kh1 a5 13. a4 Bb4 14. Qd3 Qd8 15. Bd2 b6 16. Qe3 Bxd2 17. Qxd2 Nb4 18. exf6 Nxf6 19. Ng5 h6 20. Nf3 Ne4 21. Qc1 Bd7 22. g3 Rc8 23. Qd1 Nc2 24. Bd3 Nxa1 25. Nxa1 Qe8 26. b3 Qh5 27. Qe1 Bc6 28. Ne5 Bb7 29. Be2 Qe8 30. Bb5 Qd8 31. Bd7 Rc7 32. Bxe6+ Kh7 33. Bh3 Bc8 34. Bg2 Ba6 35. Rg1 Qa8 36. Bh3 Bc8 37. Bg2 Bf5 38. h3 Rfc8 39. g4 Bd7 40. Kh2 Rc3 41. Nxd7 Qb7 42. Ne5 g6 43. Rf1 Ng3 44. Rf3 Rxf3 45. Nxf3 Ne4 46. Ne5 Rc3 47. h4 Qc7 48. Bxe4 dxe4 49. Qxe4 Qd6 50. h5 Rc1 51. hxg6+ Kg7 52. Nc2 Qf6 53. Qb7+ 1-0

[Event "Montreal Mercredi 04"]
[Site "Montreal CAN"]
[Date "2017.01.25"]
[Round "4"]
[White "Singher, Jean-Pierre"]
[Black "Langlois-Remillard, Alexis"]
[Result "1/2-1/2"]
[WhiteElo "2025"]
[BlackElo "1956"]
[WhiteFideId "-1"]
[WhiteFideId "-1"]
[PlyCount "83"]
[GameId "2160767908475123"]
[EventDate "2017.01.04"]
[EventType "swiss"]
[EventRounds "5"]
[EventCountry "CAN"]
[SourceTitle "EXT 2022"]
[Source "ChessBase"]
[SourceDate "2021.10.06"]
[SourceVersion "1"]
[SourceVersionDate "2021.10.06"]
[SourceQuality "1"]

1. c4 c5 2. Nf3 Nf6 3. Nc3 b6 4. g3 Bb7 5. Bg2 e6 6. O-O Be7 7. d3 d6 8. a3 O-O 9. b4 d5 10. Bf4 cxb4 11. axb4 Bxb4 12. Nb5 Nc6 13. Qb3 a6 14. Rfc1 dxc4 15. dxc4 axb5 16. cxb5 Nd4 17. Nxd4 Qxd4 18. Rxa8 Bxa8 19. e3 Qd2 20. e4 Qd4 21. Be3 Qd6 22. e5 Qxe5 23. Qxb4 Bxg2 24. Kxg2 Nd5 25. Qb3 Nxe3+ 26. fxe3 Rd8 27. Qd3 Qb2+ 28. Kh3 Qf6 29. Qe4 Qh6+ 30. Qh4 Qxh4+ 31. Kxh4 g5+ 32. Kxg5 Kg7 33. e4 Rd4 34. Rc6 Rxe4 35. Rxb6 h6+ 36. Kh5 Re2 37. h4 Re3 38. Kg4 Kf6 39. Kf4 Rc3 40. Rc6 Rb3 41. Rc5 Rb4+ 42. Kf3 1/2-1/2

[Event "Montreal Mercredi 04"]
[Site "Montreal CAN"]
[Date "2017.01.25"]
[Round "4"]
[White "Tremblay, Alain"]
[Black "Cloutier, Mathieu"]
[Result "0-1"]
[WhiteElo "2158"]
[BlackElo "2036"]
[WhiteFideId "-1"]
[WhiteFideId "-1"]
[PlyCount "64"]
[GameId "2160767908475124"]
[EventDate "2017.01.04"]
[EventType "swiss"]
[EventRounds "5"]
[EventCountry "CAN"]
[SourceTitle "EXT 2022"]
[Source "ChessBase"]
[SourceDate "2021.10.06"]
[SourceVersion "1"]
[SourceVersionDate "2021.10.06"]
[SourceQuality "1"]

1. e4 c5 2. Nc3 Nc6 3. f4 e6 4. Bb5 Nge7 5. Nf3 a6 6. Be2 Nd4 7. Bd3 Nec6 8. a3 b5 9. O-O c4 10. Be2 Nxe2+ 11. Qxe2 Bc5+ 12. Kh1 O-O 13. d3 d5 14. Rd1 d4 15. dxc4 Qb6 16. Nb1 bxc4 17. Qxc4 a5 18. Qe2 Ba6 19. Qe1 Rad8 20. Nbd2 d3 21. c3 Bf2 22. Qf1 Be3 23. g3 f5 24. exf5 Rxf5 25. Qe1 Ne5 26. Kg2 Bb7 27. Kf1 Nxf3 28. Nxf3 Bxc1 29. Nd4 Rxd4 30. cxd4 d2 31. Qf2 Qc6 32. Ke2 Qc4+ 0-1

[Event "Montreal Mercredi 04"]
[Site "Montreal CAN"]
[Date "2017.01.25"]
[Round "4"]
[White "Zumsteg, Nicolas"]
[Black "Gates, Claude-Eric"]
[Result "1-0"]
[WhiteElo "1870"]
[BlackElo "1793"]
[WhiteFideId "-1"]
[WhiteFideId "-1"]
[PlyCount "89"]
[GameId "2160767908475125"]
[EventDate "2017.01.04"]
[EventType "swiss"]
[EventRounds "5"]
[EventCountry "CAN"]
[SourceTitle "EXT 2022"]
[Source "ChessBase"]
[SourceDate "2021.10.06"]
[SourceVersion "1"]
[SourceVersionDate "2021.10.06"]
[SourceQuality "1"]

1. e4 d6 2. d4 Nf6 3. Nc3 g6 4. Nf3 Bg7 5. h3 O-O 6. Be3 c6 7. Qd2 b5 8. a3 a5 9. e5 b4 10. axb4 axb4 11. Rxa8 bxc3 12. Qxc3 Nd5 13. Qb3 Nd7 14. Be2 N7b6 15. Ra7 Be6 16. Ng5 Bf5 17. O-O h6 18. Nf3 Be6 19. Qa3 Nxe3 20. Qxe3 Nd5 21. Qd2 Qb8 22. Ra6 Rc8 23. exd6 Qxd6 24. Re1 Rb8 25. c3 Bf6 26. b4 Kg7 27. b5 Bd7 28. c4 Nc7 29. c5 Qd5 30. b6 Nxa6 31. Bxa6 Bxh3 32. Qf4 Bg4 33. Qxb8 Bxf3 34. gxf3 Bxd4 35. Qf4 Qxc5 36. Rxe7 Bxf2+ 37. Kg2 Qxe7 38. Kxf2 Qc5+ 39. Qe3 Qc2+ 40. Kg3 Qb2 41. b7 h5 42. f4 h4+ 43. Kh3 Kh6 44. Qe5 Qa3+ 45. Kxh4 1-0

[Event "Montreal Mercredi 04"]
[Site "Montreal CAN"]
[Date "2017.02.01"]
[Round "5"]
[White "Beaulieu, Pierre"]
[Black "Cardin, Guillaume"]
[Result "1-0"]
[WhiteElo "1896"]
[BlackElo "2034"]
[WhiteFideId "-1"]
[WhiteFideId "-1"]
[PlyCount "133"]
[GameId "2160767908475126"]
[EventDate "2017.01.04"]
[EventType "swiss"]
[EventRounds "5"]
[EventCountry "CAN"]
[SourceTitle "EXT 2022"]
[Source "ChessBase"]
[SourceDate "2021.10.06"]
[SourceVersion "1"]
[SourceVersionDate "2021.10.06"]
[SourceQuality "1"]

1. b3 e5 2. Bb2 Nc6 3. e3 Nf6 4. Nf3 e4 5. Ng1 d5 6. d3 Bb4+ 7. c3 Bd6 8. h3 O-O 9. Nd2 Qe7 10. Qc2 Bf5 11. d4 Nd8 12. Ne2 Ne6 13. Rd1 Bg6 14. Nc1 Bh5 15. Be2 Bxe2 16. Nxe2 g6 17. c4 c6 18. Nc3 Rac8 19. Qb1 a6 20. Kf1 Rcd8 21. g3 Bb8 22. Kg2 Nh5 23. Nf1 f5 24. Ne2 f4 25. exf4 Bxf4 26. cxd5 cxd5 27. Bc1 Bxc1 28. Qxc1 Qf7 29. Qe3 Nhg7 30. g4 Qf3+ 31. Kg1 Rc8 32. Rd2 Nf4 33. Qxf3 exf3 34. Nxf4 Rxf4 35. Ne3 Re4 36. Kh2 Rd8 37. Kg3 Ne6 38. Rhd1 Nf4 39. Kxf3 Nxh3 40. Ng2 Rf8+ 41. Kg3 Nf4 42. Ne3 Rc8 43. Re1 h5 44. f3 h4+ 45. Kf2 Re6 46. Nxd5 Rxe1 47. Nxf4 Rcc1 48. Nxg6 Rf1+ 49. Ke3 Rce1+ 50. Kf4 h3 51. Kg3 Rh1 52. Rh2 Reg1+ 53. Kxh3 Rxh2+ 54. Kxh2 Rd1 55. d5 Kg7 56. Nf4 Rd2+ 57. Kg3 Rxa2 58. g5 a5 59. Kg4 a4 60. bxa4 Rxa4 61. Kf5 b5 62. d6 Kg8 63. Nd5 b4 64. Ke6 b3 65. d7 Ra8 66. Ke7 Ra7 67. Ke8 1-0

[Event "Montreal Mercredi 04"]
[Site "Montreal CAN"]
[Date "2017.02.01"]
[Round "5"]
[White "Cloutier, Mathieu"]
[Black "Lopez Linares, Lizandro"]
[Result "1-0"]
[WhiteElo "2036"]
[BlackElo "2202"]
[WhiteFideId "-1"]
[WhiteFideId "-1"]
[PlyCount "41"]
[GameId "2160767908475127"]
[EventDate "2017.01.04"]
[EventType "swiss"]
[EventRounds "5"]
[EventCountry "CAN"]
[SourceTitle "EXT 2022"]
[Source "ChessBase"]
[SourceDate "2021.10.06"]
[SourceVersion "1"]
[SourceVersionDate "2021.10.06"]
[SourceQuality "1"]

1. e4 d5 2. exd5 Qxd5 3. Nc3 Qa5 4. d4 c6 5. Bc4 Nf6 6. Nge2 Bf5 7. O-O e6 8. Ng3 Bd6 9. Nxf5 Qxf5 10. Bd3 Qa5 11. Bd2 Qc7 12. f4 Nbd7 13. Ne4 Nxe4 14. Bxe4 f5 15. Bd3 Nf6 16. c4 O-O-O 17. Qa4 Bc5 18. dxc5 Rxd3 19. Bc3 Ne4 20. Be5 Nxc5 21. Qxa7 1-0

[Event "Montreal Mercredi 04"]
[Site "Montreal CAN"]
[Date "2017.02.01"]
[Round "5"]
[White "Dumouchel, Alain"]
[Black "Zumsteg, Nicolas"]
[Result "0-1"]
[WhiteElo "1803"]
[BlackElo "1870"]
[WhiteFideId "-1"]
[WhiteFideId "-1"]
[PlyCount "90"]
[GameId "2160767908475128"]
[EventDate "2017.01.04"]
[EventType "swiss"]
[EventRounds "5"]
[EventCountry "CAN"]
[SourceTitle "EXT 2022"]
[Source "ChessBase"]
[SourceDate "2021.10.06"]
[SourceVersion "1"]
[SourceVersionDate "2021.10.06"]
[SourceQuality "1"]

1. e4 e6 2. d4 d5 3. Nc3 Nf6 4. Bg5 Be7 5. e5 Nfd7 6. h4 O-O 7. Qg4 f5 8. Qf4 c5 9. Nf3 Nc6 10. dxc5 Nxc5 11. O-O-O a6 12. Rh3 Ne4 13. Bxe7 Qxe7 14. Nd4 Nxd4 15. Rxd4 Qc5 16. Nxe4 fxe4 17. Qd2 Bd7 18. Rc3 Qa5 19. f3 Bb5 20. Be2 Bxe2 21. Qxe2 exf3 22. gxf3 Rf5 23. a4 Raf8 24. Rb3 Qc7 25. Re3 Qf7 26. Rb4 Qe7 27. Reb3 Rxf3 28. Rxb7 Rf1+ 29. Kd2 Qxh4 30. Rb8 R1f2 31. Rxf8+ Kxf8 32. Rf3+ Rxf3 33. Qxf3+ Ke8 34. Qd3 Qg5+ 35. Kd1 Qxe5 36. Qxa6 h5 37. a5 h4 38. Qb5+ Kf7 39. a6 h3 40. Qf1+ Qf5 41. Ke1 h2 42. Qg2 Qe4+ 43. Kf2 h1=Q 44. Qxh1 Qxh1 45. a7 Qa1 0-1